Statistics for NASCAR most popular drivers

Click here to take the quiz!

General Stats

  • This quiz has been taken 18 times
  • The average score is 58 of 72

Answer Stats

HintAnswer% Correct
1953Lee petty
100%
1954Lee petty
100%
1952lee petty
100%
1968Richard petty
100%
1975Richard petty
100%
1964Richard petty
100%
1974Richard petty
100%
1962Richard petty
100%
1976Richard petty
100%
1970Richard petty
100%
1977Richard petty
100%
1978Richard petty
100%
1988bill elliott
93%
1986bill elliott
93%
1991bill elliott
93%
1992Bill elliott
93%
1993bill elliott
93%
1987bill elliott
93%
1995bill elliott
93%
1994bill elliott
93%
1984Bill elliott
93%
1996bill elliott
93%
1997bill elliott
93%
1998bill elliott
93%
1999bill elliott
93%
2000Bill elliott
93%
2002Bill elliott
93%
1985bill elliott
93%
2018Chase elliott
93%
2019chase elliott
93%
2020chase elliott
93%
2021chase elliott
93%
2022chase elliott
93%
2003Dale Earnhardt jr.
93%
2010dale Earnhardt jr.
93%
2004dale Earnhardt jr.
93%
2005dale Earnhardt jr.
93%
2006dale Earnhardt jr.
93%
2007dale Earnhardt jr.
93%
2008dale Earnhardt jr.
93%
2009dale Earnhardt jr.
93%
2011dale earnhardt jr.
93%
2012dale Earnhardt jr.
93%
2013dale Earnhardt jr.
93%
2014Dale Earnhardt jr.
93%
2015dale Earnhardt jr.
93%
2016dale Earnhardt jr.
93%
2017dale Earnhardt jr.
93%
2001Dale Earnhardt sr.
93%
1979David pearson
79%
1982bobby allison
71%
1983bobby allison
71%
1971Bobby allison
71%
1973bobby allison
71%
1972bobby allison
71%
1980Bobby allison
71%
1981bobby allison
71%
1967Cale yarborough
71%
1990Darrell waltrip
64%
1989Darrell waltrip
64%
1955Tim flock
57%
1961Joe weatherly
50%
1960Rex white
43%
1969bobby isaac
36%
1957Fireball Roberts
36%
1963Fred lorenzen
29%
1965Fred lorenzen
29%
1956Curtis turner
14%
1949Curtis turner
14%
1959Jack smith
14%
1966Darel dieringer
7%
1958glen wood
7%

Score Distribution

Percentile by Number Answered

Percent of People with Each Score

Your Score History

You have not taken this quiz